| 000 | 00613nam a2200181Ia 4500 | ||
|---|---|---|---|
| 008 | 151018s9999 xx 000 0 und d | ||
| 082 |
_bRBASDV46694 _a340 |
||
| 100 | _aसतीश जोशी | ||
| 245 | _aसातबारा आठ अ फेरफार पत्र | ||
| 250 | _b1 | ||
| 260 |
_bपाथेय _c2008 |
||
| 300 | _a63 | ||
| 600 | _aसतीश जोशी | ||
| 630 | _aसातबारा आठ अ फेरफार पत्र | ||
| 700 | _aसतीश जोशी | ||
| 730 | _aसातबारा आठ अ फेरफार पत्र | ||
| 942 | _cBOOK | ||
| 999 |
_c1045846 _d1045843 |
||